书目信息 |
| 题名: |
盆栽葡萄
|
|
| 作者: | 葛根 编著 | |
| 分册: | ||
| 出版信息: | 上海 上海科学技术出版社 1983 |
|
| 页数: | 112页 | |
| 开本: | 19cm | |
| 丛书名: | ||
| 单 册: | ||
| 中图分类: | S663.1 | |
| 科图分类: | ||
| 主题词: | 葡萄-盆栽 , 盆栽-葡萄 | |
| 电子资源: | ||
| ISBN: | 16119.805 | |
| 000 | 00622nam0 2200241 450 | |
| 001 | 0183001353 | |
| 005 | 20100712220424.0 | |
| 010 | @a16119.805@dCNY0.50 | |
| 091 | @a16119.805 | |
| 100 | @a19950629d1983 em y0chiy0110 ea | |
| 101 | 0 | @achi |
| 102 | @aCN@b310000 | |
| 105 | @ay z 000yy | |
| 106 | @ar | |
| 200 | 1 | @a盆栽葡萄@9Pen Zai Pu Tao @f葛根编著@dPotting Grapes |
| 210 | @a上海@c上海科学技术出版社@d1983 | |
| 215 | @a112页@d19cm | |
| 606 | 0 | @a葡萄-盆栽 |
| 606 | 0 | @a盆栽-葡萄 |
| 690 | @aS663.1@v3 | |
| 701 | 0 | @a葛根@9ge gen@4编著 |
| 801 | 0 | @aCN@b91MARC@c20130904 |
| 905 | @aBZT@dS66@e370@f6@sS66/370 | |
| 盆栽葡萄/葛根编著=Potting Grapes.-上海:上海科学技术出版社,1983 |
| 112页;19cm |
| ISBN 16119.805:CNY0.50 |
| ● |
| 相关链接 |
|
|
|
正题名:盆栽葡萄
索取号:S66/370
 
预约/预借
| 序号 | 登录号 | 条形码 | 馆藏地/架位号 | 状态 | 备注 |
| 1 | 2000038150 | 2000038150 | 旧书回溯/ [索取号:S66/370] | 在馆 | |
| 2 | 2000038151 | 2000038151 | 旧书回溯/ [索取号:S66/370] | 在馆 | |
| 3 | 2000038152 | 2000038152 | 旧书回溯/ [索取号:S66/370] | 在馆 | |
| 4 | 2000038153 | 2000038153 | 旧书回溯/ [索取号:S66/370] | 在馆 | |
| 5 | 2000038154 | 2000038154 | 旧书回溯/ [索取号:S66/370] | 在馆 | |
| 6 | 2000100308 | 2000100308 | 旧书回溯/ [索取号:S66/370] | 在馆 |